[Event "Targo Mures Open 2019"]
[Site "Targo Mures"]
[Date "2019.10.19"]
[Round "5.10"]
[White "Chiriac, Daniel"]
[Black "Filip, Andrei"]
[Result "1/2-1/2"]
[WhiteElo "1836"]
[BlackElo "2047"]
[Annotator "NA"]
[PlyCount "67"]
[EventDate "2019.03.02"]
[EventType "swiss"]
[EventCountry "ROU"]
[SourceTitle "playchess.com"]
[Source "ChessBase"]
[SourceQuality "1"]
[TimeControl "5400+30"]

1. c4 {[%emt 0:00:00]} Nf6 {[%emt 0:00:00]} 2. Nc3 {[%emt 0:00:00]} e6 {[%emt 0:00:10]} 3. g3 {[%emt 0:00:00]} c5 {[%emt 0:02:55]} 4. Bg2 {[%emt 0:05:10]} Nc6 {[%emt 0:03:08]} 5. Nf3 {[%emt 0:01:02]} Be7 {[%emt 0:01:35]} 6. O-O {[%emt 0:00:38]} O-O {[%emt 0:00:24]} 7. b3 {[%emt 0:01:58]} d5 {[%emt 0:04:16]} 8. cxd5 {[%emt 0:03:05]} exd5 {[%emt 0:00:07]} 9. d4 {[%emt 0:06:51]} Ne4 {[%emt 0:17:19]} 10. Nxe4 dxe4 {[%emt 0:00:11]} 11. Ne5 {[%emt 0:23:07]} Nxd4 {[%emt 0:07:27]} 12. e3 {[%emt 0:01:32]} Nb5 {[%emt 0:07:01]} 13. Qxd8 Rxd8 {[%emt 0:00:45]} 14. Bxe4 {[%emt 0:06:13]} Bh3 {[%emt 0:03:49]} 15. Bxb7 {[%emt 0:13:17]} Bxf1 {[%emt 0:07:21]} 16. Bxa8 {[%emt 0:00:18]} Bh3 {[%emt 0:01:04]} 17. Bf3 {[%emt 0:00:37]} Bf6 {[%emt 0:06:25]} 18. Bb2 {[%emt 0:05:27]} Rd2 {[%emt 0:03:40]} 19. Rb1 {[%emt 0:00:13]} Nd6 {[%emt 0:03:26]} 20. e4 {[%emt 0:25:22]} h6 {[%emt 0:08:16]} 21. a4 {[%emt 0:01:39]} a6 {[%emt 0:02:20]} 22. Ba1 {[%emt 0:02:36]} Rc2 {[%emt 0:05:41]} 23. Re1 {[%emt 0:01:40]} Ra2 {[%emt 0:01:42]} 24. Rd1 {[%emt 0:00:43]} Ra3 {[%emt 0:05:34]} 25. Re1 {[%emt 0:00:31]} Rxb3 {[%emt 0:00:49]} 26. Bg2 {[%emt 0:00:28]} Bxg2 {[%emt 0:00:26]} 27. Kxg2 {[%emt 0:00:04]} Ra3 {[%emt 0:00:50]} 28. f4 {[%emt 0:00:56]} Rxa4 {[%emt 0:00:28]} 29. Kf3 {[%emt 0:00:04]} Ra3+ {[%emt 0:01:03]} 30. Kg4 {[%emt 0:00:32]} Nxe4 {[%emt 0:00:48]} 31. Rxe4 {[%emt 0:00:28]} Rxa1 {[%emt 0:00:08]} 32. Nd7 {[%emt 0:00:09]} Rc1 {[%emt 0:04:58]} 33. Re8+ {[%emt 0:00:18]} Kh7 {[%emt 0:00:05]} 34. Nf8+ {[%emt 0:00:12]} 1/2-1/2

[Event "Targo Mures Open 2019"]
[Site "Targo Mures"]
[Date "2019.10.19"]
[Round "5.11"]
[White "Rusan, Paul-Cristian"]
[Black "Porfireanu, Serban"]
[Result "1-0"]
[WhiteElo "2105"]
[BlackElo "1811"]
[Annotator "NA"]
[PlyCount "59"]
[EventDate "2019.03.02"]
[EventType "swiss"]
[EventCountry "ROU"]
[SourceTitle "playchess.com"]
[Source "ChessBase"]
[SourceQuality "1"]
[TimeControl "5400+30"]

1. e4 {[%emt 0:00:00]} d6 {[%emt 0:00:11]} 2. d4 {[%emt 0:00:00]} Nf6 {[%emt 0:00:22]} 3. Nc3 {[%emt 0:00:00]} g6 {[%emt 0:00:48]} 4. Be3 {[%emt 0:00:32]} Bg7 {[%emt 0:00:53]} 5. Qd2 {[%emt 0:00:11]} Ng4 {[%emt 0:02:32]} 6. Bg5 {[%emt 0:00:14]} h6 {[%emt 0:00:38]} 7. Bh4 {[%emt 0:00:11]} g5 {[%emt 0:03:22]} 8. Bg3 {[%emt 0:00:05]} e5 {[%emt 0:01:58]} 9. Nf3 {[%emt 0:07:18]} exd4 {[%emt 0:06:52]} 10. Nxd4 {[%emt 0:00:24]} Nc6 {[%emt 0:02:40]} 11. Bb5 {[%emt 0:07:25]} Bd7 {[%emt 0:00:12]} 12. Bxc6 {[%emt 0:00:09]} bxc6 {[%emt 0:00:23]} 13. h4 {[%emt 0:00:37]} Qe7 {[%emt 0:09:38]} 14. hxg5 {[%emt 0:02:36]} Qxg5 {[%emt 0:09:07]} 15. f4 {[%emt 0:07:38]} Qc5 {[%emt 0:04:30]} 16. O-O-O {[%emt 0:03:54]} O-O {[%emt 0:06:21]} 17. e5 {[%emt 0:09:14]} Rad8 {[%emt 0:06:24]} 18. Bh4 {[%emt 0:05:15]} Rb8 {[%emt 0:07:47]} 19. Rhe1 {[%emt 0:07:52]} Qb4 {[%emt 0:03:41]} 20. Nb3 {[%emt 0:00:58]} d5 {[%emt 0:02:03]} 21. Kb1 {[%emt 0:20:18]} Nxe5 {[%emt 0:01:41]} 22. Nxd5 {[%emt 0:02:06]} Qxd2 {[%emt 0:01:13]} 23. Ne7+ {[%emt 0:00:17]} Kh7 {[%emt 0:01:00]} 24. Rxd2 {[%emt 0:00:06]} Nc4 {[%emt 0:03:21]} 25. Rxd7 {[%emt 0:00:45]} Nxb2 {[%emt 0:00:36]} 26. Nxc6 {[%emt 0:04:05]} Rb6 {[%emt 0:02:46]} 27. Rxc7 {[%emt 0:04:09]} Na4 {[%emt 0:01:52]} 28. Ne5 {[%emt 0:02:03]} f6 {[%emt 0:01:37]} 29. Nd7 {[%emt 0:00:39]} Rf7 {[%emt 0:00:47]} 30. Nxb6 {[%emt 0:00:13]} 1-0

[Event "Targo Mures Open 2019"]
[Site "Targo Mures"]
[Date "2019.10.19"]
[Round "5.12"]
[White "Paraschiv, Paul-Alexandru"]
[Black "Badelita, Beniamin"]
[Result "1-0"]
[WhiteElo "2023"]
[BlackElo "1792"]
[Annotator "NA"]
[PlyCount "99"]
[EventDate "2019.03.02"]
[EventType "swiss"]
[EventCountry "ROU"]
[SourceTitle "playchess.com"]
[Source "ChessBase"]
[SourceQuality "1"]
[TimeControl "5400+30"]

1. d4 {[%emt 0:00:00]} f5 {[%emt 0:01:17]} 2. Bg5 {[%emt 0:00:17]} Nf6 {[%emt 0:00:10]} 3. Bxf6 {[%emt 0:00:05]} exf6 {[%emt 0:00:08]} 4. e3 {[%emt 0:00:03]} d5 {[%emt 0:08:15]} 5. c4 {[%emt 0:00:09]} Bb4+ {[%emt 0:05:52]} 6. Nc3 {[%emt 0:00:02]} O-O {[%emt 0:01:13]} 7. Qb3 {[%emt 0:00:50]} Bxc3+ {[%emt 0:02:49]} 8. bxc3 {[%emt 0:00:10]} c6 {[%emt 0:07:25]} 9. cxd5 {[%emt 0:00:53]} cxd5 {[%emt 0:00:09]} 10. Nh3 {[%emt 0:00:25]} Nc6 {[%emt 0:01:52]} 11. Nf4 {[%emt 0:00:06]} Ne7 {[%emt 0:00:13]} 12. g3 {[%emt 0:00:05]} g5 {[%emt 0:01:17]} 13. Nd3 {[%emt 0:00:19]} b6 {[%emt 0:02:17]} 14. h4 {[%emt 0:04:56]} Ba6 {[%emt 0:02:03]} 15. hxg5 {[%emt 0:01:10]} fxg5 {[%emt 0:04:27]} 16. Rh5 {[%emt 0:00:10]} Ng6 {[%emt 0:00:57]} 17. Nb4 {[%emt 0:00:44]} Bxf1 {[%emt 0:02:09]} 18. Kxf1 {[%emt 0:00:12]} f4 {[%emt 0:00:41]} 19. gxf4 {[%emt 0:03:12]} gxf4 {[%emt 0:00:37]} 20. Rxd5 {[%emt 0:00:31]} Qe8 {[%emt 0:03:32]} 21. Rd8+ {[%emt 0:00:21]} Qf7 {[%emt 0:00:12]} 22. Rxa8 {[%emt 0:00:05]} Rxa8 {[%emt 0:00:31]} 23. Ke2 {[%emt 0:01:32]} Rc8 {[%emt 0:01:13]} 24. Kd3 {[%emt 0:01:40]} b5 {[%emt 0:02:50]} 25. Qxf7+ {[%emt 0:00:17]} Kxf7 {[%emt 0:00:06]} 26. a4 {[%emt 0:00:02]} a5 {[%emt 0:00:44]} 27. Nd5 {[%emt 0:00:11]} fxe3 {[%emt 0:00:31]} 28. fxe3 {[%emt 0:01:42]} bxa4 29. Rxa4 {[%emt 0:00:02]} Ra8 {[%emt 0:02:22]} 30. c4 {[%emt 0:00:16]} h5 {[%emt 0:00:07]} 31. c5 {[%emt 0:00:47]} h4 {[%emt 0:00:21]} 32. c6 {[%emt 0:00:49]} Ne7 {[%emt 0:05:06]} 33. Nxe7 {[%emt 0:04:22]} Kxe7 {[%emt 0:00:54]} 34. d5 {[%emt 0:00:10]} Kd6 {[%emt 0:00:11]} 35. Kd4 {[%emt 0:00:44]} h3 {[%emt 0:00:19]} 36. e4 {[%emt 0:05:30]} h2 {[%emt 0:01:14]} 37. Ra1 {[%emt 0:00:08]} a4 {[%emt 0:00:13]} 38. e5+ {[%emt 0:08:22]} Kc7 {[%emt 0:01:06]} 39. Rb1 {[%emt 0:00:44]} a3 {[%emt 0:00:35]} 40. Rb7+ {[%emt 0:01:19]} Kc8 {[%emt 0:12:01]} 41. Rh7 {[%emt 0:00:10]} Ra4+ {[%emt 0:00:45]} 42. Kc5 {[%emt 0:00:23]} Kb8 {[%emt 0:07:06]} 43. Rh8+ {[%emt 0:01:16]} Ka7 {[%emt 0:00:28]} 44. c7 {[%emt 0:00:27]} h1=Q {[%emt 0:04:01]} 45. Rxh1 {[%emt 0:00:29]} Kb7 {[%emt 0:00:07]} 46. Kd6 {[%emt 0:00:46]} Rc4 {[%emt 0:01:34]} 47. Rb1+ {[%emt 0:00:16]} Ka7 {[%emt 0:00:24]} 48. Ra1 {[%emt 0:00:23]} Kb7 {[%emt 0:01:00]} 49. Rxa3 {[%emt 0:00:05]} Rxc7 {[%emt 0:00:07]} 50. Ra7+ {[%emt 0:00:03]} 1-0

[Event "Targo Mures Open 2019"]
[Site "Targo Mures"]
[Date "2019.10.20"]
[Round "6.1"]
[White "Istratescu, Andrei"]
[Black "Anton, Teodor"]
[Result "1/2-1/2"]
[WhiteElo "2564"]
[BlackElo "2445"]
[Annotator "ChessBase"]
[PlyCount "117"]
[EventDate "2019.03.02"]
[EventType "swiss"]
[EventCountry "ROU"]
[SourceTitle "playchess.com"]
[Source "ChessBase"]
[SourceQuality "1"]
[TimeControl "5400+30"]

1. d4 {[%emt 0:00:00]} Nf6 {[%emt 0:00:00]} 2. c4 {[%emt 0:00:04]} e6 {[%emt 0:00:00]} 3. Nf3 {[%emt 0:00:04]} d5 {[%emt 0:00:36]} 4. Nc3 {[%emt 0:01:16]} Be7 {[%emt 0:00:38]} 5. Bf4 {[%emt 0:00:46]} O-O {[%emt 0:00:27]} 6. e3 {[%emt 0:00:02]} Nbd7 {[%emt 0:00:22]} 7. c5 {[%emt 0:01:18]} c6 {[%emt 0:00:14]} 8. h3 {[%emt 0:01:33]} b6 {[%emt 0:00:51]} 9. b4 {[%emt 0:00:51]} a5 {[%emt 0:00:14]} 10. a3 {[%emt 0:00:10]} Bb7 {[%emt 0:04:14]} 11. Bd3 {[%emt 0:04:11]} Qc8 {[%emt 0:00:16]} 12. O-O {[%emt 0:02:27]} Ba6 {[%emt 0:00:39]} 13. Rb1 {[%emt 0:04:25]} Bxd3 {[%emt 0:02:03]} 14. Qxd3 {[%emt 0:00:11]} axb4 {[%emt 0:00:12]} 15. axb4 {[%emt 0:00:04]} Qb7 {[%emt 0:00:51]} 16. Qc2 {[%emt 0:04:26]} Ra3 {[%emt 0:03:17]} 17. Nd2 {[%emt 0:07:33]} b5 {[%emt 0:08:14]} 18. Nb3 {[%emt 0:01:59]} Raa8 {[%emt 0:07:18]} 19. Na5 {[%emt 0:00:43]} Qc8 {[%emt 0:00:15]} 20. Ra1 {[%emt 0:00:03]} Bd8 {[%emt 0:03:42]} 21. Nb3 {[%emt 0:01:34]} Rxa1 {[%emt 0:01:24]} 22. Rxa1 {[%emt 0:00:06]} Bc7 {[%emt 0:00:15]} 23. Bxc7 {[%emt 0:01:57]} Qxc7 {[%emt 0:00:08]} 24. f4 {[%emt 0:00:07]} Rc8 {[%emt 0:05:35]} 25. Nd2 {[%emt 0:08:23]} g6 {[%emt 0:08:18]} 26. Ra6 {[%emt 0:03:56]} Kg7 {[%emt 0:03:06]} 27. Qa2 {[%emt 0:01:22]} Rb8 {[%emt 0:00:17]} 28. Qa5 {[%emt 0:01:36]} Rb7 {[%emt 0:06:31]} 29. Qxc7 {[%emt 0:00:48]} Rxc7 {[%emt 0:00:04]} 30. Kf2 {[%emt 0:02:28]} Ng8 {[%emt 0:05:09]} 31. g4 {[%emt 0:05:25]} f6 {[%emt 0:06:54]} 32. Nf3 {[%emt 0:00:44]} Ne7 {[%emt 0:02:01]} 33. g5 {[%emt 0:01:41]} fxg5 {[%emt 0:01:10]} 34. Nxg5 {[%emt 0:00:16]} Nf8 {[%emt 0:01:02]} 35. Nb1 {[%emt 0:00:52]} h6 {[%emt 0:00:55]} 36. Nf3 {[%emt 0:00:09]} Nd7 {[%emt 0:00:23]} 37. Nbd2 {[%emt 0:00:15]} Kf6 {[%emt 0:02:49]} 38. Ne5 {[%emt 0:00:26]} Nxe5 {[%emt 0:00:53]} 39. dxe5+ {[%emt 0:00:57]} Kf7 {[%emt 0:00:44]} 40. Nf3 {[%emt 0:06:09]} Nf5 {[%emt 0:00:43]} 41. Ra8 {[%emt 0:00:12]} Kg7 {[%emt 0:00:59]} 42. Ke2 {[%emt 0:06:43]} Kf7 {[%emt 0:01:37]} 43. Kd3 {[%emt 0:00:07]} Kg7 {[%emt 0:01:18]} 44. Nh2 {[%emt 0:01:07]} Ng3 {[%emt 0:05:05]} 45. Ng4 {[%emt 0:03:31]} Ne4 {[%emt 0:00:21]} 46. h4 {[%emt 0:00:24]} Rf7 {[%emt 0:04:20]} 47. Ra6 {[%emt 0:01:15]} Rc7 {[%emt 0:00:21]} 48. Kc2 {[%emt 0:04:51]} Kf8 {[%emt 0:04:55]} 49. Kd3 {[%emt 0:04:04]} Kg7 {[%emt 0:00:04]} 50. Kd4 {[%emt 0:01:37]} g5 {[%emt 0:07:50]} 51. fxg5 {[%emt 0:01:00]} hxg5 {[%emt 0:00:03]} 52. h5 {[%emt 0:00:02]} Ng3 {[%emt 0:00:54]} 53. Nf6 {[%emt 0:00:20]} Kh6 {[%emt 0:01:34]} 54. Ra8 {[%emt 0:00:09]} Nf5+ {[%emt 0:00:14]} 55. Kd3 {[%emt 0:00:18]} g4 {[%emt 0:00:10]} 56. Nxg4+ {[%emt 0:10:38]} Kxh5 {[%emt 0:00:07]} 57. Nf6+ {[%emt 0:00:06]} Kg6 {[%emt 0:00:25]} 58. Rg8+ {[%emt 0:03:46]} Rg7 {[%emt 0:00:30]} 59. Rxg7+ {[%emt 0:01:40]} 1/2-1/2

[Event "Targo Mures Open 2019"]
[Site "Targo Mures"]
[Date "2019.10.20"]
[Round "6.2"]
[White "Ognean, Mihnea-Ionut"]
[Black "Manolache, Marius"]
[Result "0-1"]
[WhiteElo "2285"]
[BlackElo "2548"]
[Annotator "ChessBase"]
[PlyCount "144"]
[EventDate "2019.03.02"]
[EventType "swiss"]
[EventCountry "ROU"]
[SourceTitle "playchess.com"]
[Source "ChessBase"]
[SourceQuality "1"]
[TimeControl "5400+30"]

1. d4 {[%emt 0:00:00]} d6 {[%emt 0:02:01]} 2. e4 {[%emt 0:00:00]} Nf6 {[%emt 0:00:17]} 3. Nc3 {[%emt 0:00:00]} g6 {[%emt 0:00:05]} 4. f4 {[%emt 0:00:00]} Bg7 {[%emt 0:00:07]} 5. Nf3 {[%emt 0:00:03]} O-O {[%emt 0:00:09]} 6. e5 {[%emt 0:00:05]} dxe5 {[%emt 0:03:16]} 7. fxe5 {[%emt 0:00:05]} Nh5 {[%emt 0:01:07]} 8. Bc4 {[%emt 0:02:15]} c5 {[%emt 0:00:16]} 9. dxc5 {[%emt 0:00:27]} Qxd1+ {[%emt 0:00:41]} 10. Nxd1 {[%emt 0:00:04]} Nc6 {[%emt 0:00:10]} 11. e6 {[%emt 0:00:42]} Bxe6 {[%emt 0:07:20]} 12. Bxe6 {[%emt 0:00:05]} fxe6 {[%emt 0:00:03]} 13. O-O {[%emt 0:05:46]} Rad8 {[%emt 0:04:14]} 14. c3 {[%emt 0:07:48]} Ne5 {[%emt 0:26:56]} 15. Be3 {[%emt 0:04:54]} Nf4 {[%emt 0:09:32]} 16. g3 {[%emt 0:05:51]} Nxf3+ {[%emt 0:09:48]} 17. Rxf3 {[%emt 0:00:06]} Nd3 {[%emt 0:00:25]} 18. Rxf8+ {[%emt 0:04:23]} Kxf8 {[%emt 0:00:08]} 19. Kf1 {[%emt 0:01:53]} Rc8 {[%emt 0:00:27]} 20. c6 {[%emt 0:02:27]} b6 {[%emt 0:05:00]} 21. a4 {[%emt 0:00:11]} Rxc6 {[%emt 0:06:29]} 22. a5 {[%emt 0:00:15]} Ne5 {[%emt 0:00:37]} 23. axb6 {[%emt 0:00:57]} axb6 {[%emt 0:00:01]} 24. Ra7 {[%emt 0:12:00]} Bf6 {[%emt 0:04:31]} 25. Ke2 {[%emt 0:01:31]} Nc4 {[%emt 0:00:11]} 26. Bc1 {[%emt 0:04:55]} h5 {[%emt 0:01:57]} 27. Nf2 {[%emt 0:00:59]} b5 {[%emt 0:00:53]} 28. Nd3 {[%emt 0:06:26]} Rc8 {[%emt 0:01:26]} 29. h3 {[%emt 0:03:52]} Kf7 {[%emt 0:02:01]} 30. Nf2 {[%emt 0:05:27]} Nd6 {[%emt 0:00:53]} 31. Be3 {[%emt 0:04:21]} g5 {[%emt 0:01:58]} 32. g4 {[%emt 0:05:49]} hxg4 {[%emt 0:01:16]} 33. hxg4 {[%emt 0:00:04]} Rc4 {[%emt 0:03:36]} 34. Bd2 {[%emt 0:03:30]} Rc8 {[%emt 0:01:14]} 35. Kf3 {[%emt 0:04:18]} Nc4 {[%emt 0:02:08]} 36. Bc1 {[%emt 0:00:35]} b4 {[%emt 0:00:12]} 37. Ne4 {[%emt 0:00:25]} Kg6 {[%emt 0:01:29]} 38. Kg3 {[%emt 0:02:38]} bxc3 {[%emt 0:00:16]} 39. bxc3 {[%emt 0:00:09]} Nd6 {[%emt 0:00:30]} 40. Ra4 {[%emt 0:02:30]} Bxc3 {[%emt 0:02:17]} 41. Be3 {[%emt 0:02:04]} Be5+ {[%emt 0:00:42]} 42. Kf3 {[%emt 0:00:18]} Rf8+ {[%emt 0:00:38]} 43. Kg2 {[%emt 0:00:08]} Bf4 {[%emt 0:00:25]} 44. Bf2 {[%emt 0:00:08]} Nxe4 {[%emt 0:00:33]} 45. Rxe4 {[%emt 0:00:04]} Kf6 {[%emt 0:00:19]} 46. Ra4 {[%emt 0:00:22]} Rd8 {[%emt 0:00:13]} 47. Kf3 {[%emt 0:01:26]} Rd3+ {[%emt 0:00:15]} 48. Ke4 {[%emt 0:00:32]} Rd2 {[%emt 0:00:17]} 49. Kf3 {[%emt 0:00:05]} e5 {[%emt 0:00:08]} 50. Ra6+ {[%emt 0:00:16]} Kf7 {[%emt 0:00:15]} 51. Ra4 {[%emt 0:00:24]} Rb2 {[%emt 0:00:10]} 52. Rc4 {[%emt 0:01:20]} Ra2 {[%emt 0:00:20]} 53. Rb4 {[%emt 0:00:17]} Ke6 {[%emt 0:00:09]} 54. Rc4 {[%emt 0:00:55]} Kd6 {[%emt 0:00:24]} 55. Bb6 {[%emt 0:04:43]} Ra3+ {[%emt 0:00:17]} 56. Ke4 {[%emt 0:00:05]} Rg3 {[%emt 0:00:34]} 57. Bf2 {[%emt 0:00:08]} Rb3 {[%emt 0:02:17]} 58. Ra4 {[%emt 0:00:07]} Rb2 {[%emt 0:00:32]} 59. Kf3 {[%emt 0:00:26]} e6 {[%emt 0:00:39]} 60. Bg1 {[%emt 0:02:19]} Bd2 {[%emt 0:01:41]} 61. Ke4 {[%emt 0:01:02]} Rb1 {[%emt 0:01:03]} 62. Bf2 {[%emt 0:00:15]} Rf1 {[%emt 0:00:28]} 63. Bg3 {[%emt 0:00:24]} Bf4 {[%emt 0:00:10]} 64. Ra6+ {[%emt 0:01:29]} Ke7 {[%emt 0:00:10]} 65. Ra3 {[%emt 0:00:22]} Kf6 {[%emt 0:00:27]} 66. Ra8 {[%emt 0:01:01]} Rb1 {[%emt 0:01:17]} 67. Bf2 {[%emt 0:01:10]} Rb4+ {[%emt 0:00:07]} 68. Kd3 {[%emt 0:00:10]} e4+ {[%emt 0:00:06]} 69. Kc3 {[%emt 0:00:05]} Rb5 {[%emt 0:00:05]} 70. Kd4 {[%emt 0:00:46]} e3 {[%emt 0:00:17]} 71. Be1 {[%emt 0:00:54]} Rb1 {[%emt 0:00:37]} 72. Bc3 {[%emt 0:00:59]} Be5+ {[%emt 0:00:08]} 0-1

[Event "Targo Mures Open 2019"]
[Site "Targo Mures"]
[Date "2019.10.20"]
[Round "6.3"]
[White "Jianu, Vlad-Cristian"]
[Black "Filip, Lucian-Ioan"]
[Result "1/2-1/2"]
[WhiteElo "2529"]
[BlackElo "2418"]
[Annotator "ChessBase"]
[PlyCount "31"]
[EventDate "2019.03.02"]
[EventType "swiss"]
[EventCountry "ROU"]
[SourceTitle "playchess.com"]
[Source "ChessBase"]
[SourceQuality "1"]
[TimeControl "5400+30"]

1. d4 {[%emt 0:00:00]} e6 {[%emt 0:03:01]} 2. c4 {[%emt 0:00:00]} Nf6 {[%emt 0:00:19]} 3. Nf3 {[%emt 0:00:00]} b6 {[%emt 0:00:13]} 4. a3 {[%emt 0:00:03]} Bb7 {[%emt 0:00:10]} 5. Nc3 {[%emt 0:00:12]} d5 {[%emt 0:00:06]} 6. cxd5 {[%emt 0:00:06]} Nxd5 {[%emt 0:00:03]} 7. Qc2 {[%emt 0:00:12]} Be7 {[%emt 0:00:59]} 8. e4 {[%emt 0:00:06]} Nxc3 {[%emt 0:00:09]} 9. bxc3 {[%emt 0:00:04]} O-O {[%emt 0:02:39]} 10. Bd3 {[%emt 0:00:15]} c5 {[%emt 0:00:05]} 11. O-O {[%emt 0:00:20]} Qc7 {[%emt 0:01:45]} 12. Qe2 {[%emt 0:00:16]} Rd8 {[%emt 0:08:58]} 13. Rd1 {[%emt 0:08:57]} Bf6 {[%emt 0:10:37]} 14. Be3 {[%emt 0:24:18]} Nc6 {[%emt 0:23:18]} 15. Rac1 {[%emt 0:29:37]} Na5 {[%emt 0:01:41]} 16. Rb1 {[%emt 0:01:32]} 1/2-1/2

[Event "Targo Mures Open 2019"]
[Site "Targo Mures"]
[Date "2019.10.20"]
[Round "6.4"]
[White "Petre, Nad-Titus"]
[Black "Daianu, Cristian-Clement"]
[Result "1-0"]
[WhiteElo "2306"]
[BlackElo "2206"]
[Annotator "ChessBase"]
[PlyCount "93"]
[EventDate "2019.03.02"]
[EventType "swiss"]
[EventCountry "ROU"]
[SourceTitle "playchess.com"]
[Source "ChessBase"]
[SourceQuality "1"]
[TimeControl "5400+30"]

1. d4 f5 {[%emt 0:08:50]} 2. Nc3 {[%emt 0:00:38]} Nf6 {[%emt 0:00:23]} 3. Bg5 {[%emt 0:00:09]} d5 {[%emt 0:07:50]} 4. Bxf6 {[%emt 0:00:14]} exf6 {[%emt 0:00:02]} 5. e3 {[%emt 0:00:22]} c6 {[%emt 0:01:05]} 6. Bd3 {[%emt 0:00:50]} Bd6 {[%emt 0:00:08]} 7. Qf3 {[%emt 0:02:20]} g6 {[%emt 0:18:22]} 8. Nge2 {[%emt 0:03:57]} Nd7 {[%emt 0:02:55]} 9. h3 {[%emt 0:02:11]} Nf8 {[%emt 0:03:07]} 10. g4 {[%emt 0:07:46]} fxg4 {[%emt 0:04:25]} 11. hxg4 {[%emt 0:00:11]} Qe7 {[%emt 0:00:17]} 12. O-O-O {[%emt 0:04:38]} Be6 {[%emt 0:08:00]} 13. e4 {[%emt 0:01:30]} dxe4 {[%emt 0:00:06]} 14. Nxe4 {[%emt 0:02:19]} O-O-O {[%emt 0:00:05]} 15. Nxd6+ {[%emt 0:18:46]} Rxd6 {[%emt 0:07:29]} 16. Qe3 {[%emt 0:01:28]} Qd8 {[%emt 0:10:23]} 17. f3 {[%emt 0:04:01]} Bf7 {[%emt 0:01:24]} 18. Nc3 {[%emt 0:16:21]} Rd7 {[%emt 0:19:26]} 19. Be4 {[%emt 0:07:40]} Kb8 {[%emt 0:00:17]} 20. f4 {[%emt 0:07:19]} g5 {[%emt 0:04:45]} 21. fxg5 {[%emt 0:03:05]} fxg5 {[%emt 0:00:02]} 22. Bxc6 {[%emt 0:00:25]} Rc7 {[%emt 0:01:02]} 23. Be4 {[%emt 0:02:12]} a6 {[%emt 0:00:10]} 24. d5 {[%emt 0:01:01]} Qd6 {[%emt 0:00:55]} 25. Qxg5 {[%emt 0:01:44]} Bg6 {[%emt 0:00:19]} 26. Rhf1 {[%emt 0:01:32]} Rxc3 {[%emt 0:00:40]} 27. Bxg6 {[%emt 0:01:55]} Nxg6 {[%emt 0:00:18]} 28. bxc3 {[%emt 0:00:05]} Qa3+ {[%emt 0:00:08]} 29. Kb1 {[%emt 0:03:28]} Rc8 {[%emt 0:00:25]} 30. Qc1 {[%emt 0:01:06]} Qa5 {[%emt 0:00:57]} 31. Rf5 {[%emt 0:01:58]} Rc5 {[%emt 0:00:22]} 32. Rd3 {[%emt 0:02:33]} Ne7 {[%emt 0:00:45]} 33. Qf4+ {[%emt 0:00:36]} Ka7 {[%emt 0:00:07]} 34. Rf8 {[%emt 0:00:48]} Rb5+ {[%emt 0:00:40]} 35. Kc1 {[%emt 0:00:21]} Qa3+ {[%emt 0:00:38]} 36. Kd2 {[%emt 0:00:22]} Nxd5 {[%emt 0:00:39]} 37. Qb8+ {[%emt 0:00:32]} Kb6 {[%emt 0:00:02]} 38. Qd8+ {[%emt 0:00:14]} Ka7 {[%emt 0:00:08]} 39. Rf5 {[%emt 0:01:07]} Nb6 {[%emt 0:01:16]} 40. Rxb5 {[%emt 0:01:02]} Nc4+ {[%emt 0:00:20]} 41. Ke2 {[%emt 0:00:38]} axb5 {[%emt 0:00:05]} 42. Qd4+ {[%emt 0:00:09]} Ka6 {[%emt 0:00:28]} 43. Qf6+ {[%emt 0:00:13]} Ka7 {[%emt 0:01:12]} 44. Rd8 {[%emt 0:00:36]} Nb6 {[%emt 0:00:30]} 45. Qd4 {[%emt 0:00:30]} Qxa2 {[%emt 0:00:10]} 46. Rd6 {[%emt 0:00:28]} Qxc2+ {[%emt 0:00:50]} 47. Kf3 {[%emt 0:00:02]} 1-0

[Event "Targo Mures Open 2019"]
[Site "Targo Mures"]
[Date "2019.10.20"]
[Round "6.5"]
[White "Titu, Maiorescu-Dorin"]
[Black "Manea, Alexandru"]
[Result "0-1"]
[WhiteElo "2147"]
[BlackElo "2305"]
[Annotator "ChessBase"]
[PlyCount "94"]
[EventDate "2019.03.02"]
[EventType "swiss"]
[EventCountry "ROU"]
[SourceTitle "playchess.com"]
[Source "ChessBase"]
[SourceQuality "1"]
[TimeControl "5400+30"]

1. Nf3 {[%emt 0:00:00]} Nf6 {[%emt 0:14:33]} 2. g3 {[%emt 0:00:00]} d5 {[%emt 0:00:59]} 3. Bg2 {[%emt 0:00:00]} c5 {[%emt 0:00:05]} 4. d3 {[%emt 0:00:08]} Nc6 {[%emt 0:00:05]} 5. O-O {[%emt 0:00:19]} e6 {[%emt 0:00:03]} 6. Nbd2 {[%emt 0:00:09]} Be7 {[%emt 0:00:05]} 7. e4 {[%emt 0:00:10]} O-O {[%emt 0:00:05]} 8. Re1 {[%emt 0:00:19]} b5 {[%emt 0:00:15]} 9. e5 {[%emt 0:13:09]} Nd7 {[%emt 0:00:55]} 10. Nf1 {[%emt 0:00:08]} Qc7 {[%emt 0:00:08]} 11. Bf4 {[%emt 0:00:06]} Bb7 {[%emt 0:00:11]} 12. h4 {[%emt 0:00:15]} Rfc8 {[%emt 0:00:04]} 13. h5 {[%emt 0:01:49]} h6 {[%emt 0:02:18]} 14. c3 {[%emt 0:10:57]} a5 {[%emt 0:01:42]} 15. Rc1 {[%emt 0:08:34]} a4 {[%emt 0:00:57]} 16. Ne3 {[%emt 0:16:48]} Qd8 {[%emt 0:00:57]} 17. Ng4 {[%emt 0:13:38]} Bf8 {[%emt 0:02:10]} 18. Qd2 {[%emt 0:07:19]} c4 {[%emt 0:15:52]} 19. d4 {[%emt 0:02:54]} b4 {[%emt 0:01:50]} 20. Rb1 {[%emt 0:00:34]} a3 {[%emt 0:09:07]} 21. bxa3 {[%emt 0:05:16]} bxc3 {[%emt 0:01:17]} 22. Qxc3 {[%emt 0:06:41]} Rxa3 {[%emt 0:01:21]} 23. Qc1 {[%emt 0:00:01]} Ra7 {[%emt 0:00:35]} 24. Bd2 {[%emt 0:00:24]} Rca8 {[%emt 0:04:54]} 25. Ne3 {[%emt 0:08:12]} Bc8 {[%emt 0:02:20]} 26. Nxc4 {[%emt 0:00:11]} dxc4 {[%emt 0:00:22]} 27. Qxc4 {[%emt 0:00:01]} Ne7 {[%emt 0:00:34]} 28. Bb4 {[%emt 0:03:01]} Nb6 {[%emt 0:06:57]} 29. Qb3 {[%emt 0:01:18]} Nbd5 {[%emt 0:00:15]} 30. a3 {[%emt 0:00:13]} Nc6 {[%emt 0:00:16]} 31. Bxf8 {[%emt 0:00:17]} Qxf8 {[%emt 0:00:07]} 32. Qc2 {[%emt 0:00:27]} Bd7 {[%emt 0:00:27]} 33. Rec1 {[%emt 0:01:03]} Qxa3 {[%emt 0:03:34]} 34. Qd2 {[%emt 0:00:11]} Qa5 {[%emt 0:02:07]} 35. Qd3 {[%emt 0:00:14]} Qa3 {[%emt 0:01:13]} 36. Qd2 {[%emt 0:00:07]} Qe7 {[%emt 0:00:20]} 37. Ne1 {[%emt 0:00:25]} Ra2 {[%emt 0:00:32]} 38. Qd1 {[%emt 0:01:25]} Ncb4 {[%emt 0:04:05]} 39. Be4 {[%emt 0:00:34]} Be8 {[%emt 0:03:18]} 40. Qf3 {[%emt 0:00:34]} R2a3 {[%emt 0:01:52]} 41. Rb3 {[%emt 0:00:02]} Rxb3 {[%emt 0:01:00]} 42. Qxb3 {[%emt 0:00:02]} Qg5 {[%emt 0:02:26]} 43. Qd1 {[%emt 0:00:01]} Rd8 {[%emt 0:01:01]} 44. Kh2 {[%emt 0:02:17]} Ba4 {[%emt 0:03:38]} 45. f4 {[%emt 0:00:35]} Bxd1 {[%emt 0:05:33]} 46. fxg5 {[%emt 0:00:06]} Bxh5 {[%emt 0:00:04]} 47. gxh6 {[%emt 0:00:20]} gxh6 {[%emt 0:00:06]} 0-1